000
00312nam a2200121Ia 4500
008
220216s9999 xx 000 0 und d
100
_a
Gandhi R V
245
0
_a
Reclaimed rubber: Immense potential remains untapped
260
_b
Rubber Asia
_c
1994
300
_a
51-54
650
_a
Reclaimed rubber
942
_c
JS
999
_c
66518
_d
66518